Ilustraciones de la Casa de Niebla y hechos de los Guzmanes, señores de ella / (Record no. 151680)

MARC details
000 -LEADER
campo de control de longitud fija 00977nam a2200241 i 4500
001 - NÚMERO DE CONTROL
campo de control 151680
003 - IDENTIFICADOR DE NÚMERO DE CONTROL
campo de control ES-MaACL
005 - FECHA Y HORA DE LA ÚLTIMA TRANSACCIÓN
campo de control 20251003200109.0
008 - DATOS DE LONGITUD FIJA--INFORMACIÓN GENERAL
campo de control de longitud fija 931025s1857 sp |||| | spa d
100 0# - ENTRADA PRINCIPAL--NOMBRE DE PERSONA
Nombre de persona Barrantes Maldonado, Pedro,
Fechas asociadas al nombre 1510-1579
9 (RLIN) 25852
245 10 - MENCIÓN DEL TÍTULO
Título Ilustraciones de la Casa de Niebla y hechos de los Guzmanes, señores de ella /
Mención de responsabilidad, etc. Pedro Barrantes Maldonado.
260 ## - PUBLICACIÓN, DISTRIBUCIÓN, ETC.
Lugar de publicación, distribución, etc. Madrid :
Nombre del editor, distribuidor, etc. Imprenta Nacional,
Fecha de publicación, distribución, etc. 1857.
300 ## - DESCRIPCIÓN FÍSICA
Extensión 2 v. ;
Dimensiones 23 cm.
490 1# - MENCIÓN DE SERIE
Mención de serie Memorial histórico español ;
Designación de volumen o secuencia 9-10
594 #1 - Nota al título y mención de responsabilidad
Nota al título y mención de responsabilidad Editor literario según NUC: Pascual Gayangos.
597 #1 - NOTA DE DESCRIPCIÓN FÍSICA
NOTA DE DESCRIPCIÓN FÍSICA Pág.: 653 p. (v.2)
597 ## - NOTA DE DESCRIPCIÓN FÍSICA
NOTA DE DESCRIPCIÓN FÍSICA Tít. tomado de portadilla.
600 17 - PUNTO DE ACCESO ADICIONAL DE MATERIA--NOMBRE DE PERSONA
Nombre de persona Guzman, Enrique,
Títulos y otros términos asociados al nombre Conde de Niebla-
Subdivisión general Genealogía-
Subdivisión de forma Biografías
Fuente del encabezamiento o término
9 (RLIN) 127673
600 14 - PUNTO DE ACCESO ADICIONAL DE MATERIA--NOMBRE DE PERSONA
Nombre de persona Medina Sidonia
Títulos y otros términos asociados al nombre Duques de.
9 (RLIN) 156657
830 00 - PUNTO DE ACCESO ADICIONAL DE SERIE-TÍTULO UNIFORME
Título uniforme Memorial histórico español
Designación de volumen o secuencia 9-10
9 (RLIN) 187759
852 ## - LOCALIZACIÓN
Ubicación ES-MaACL
Número de control de estantería C-19314-15
Nota libre -- Enc. hol.
Encuadernación -- Edic.: T. I (VIII, 534 p.)
Holdings
Estatus retirado Estado de pérdida Estado de daño No para préstamo Colección Biblioteca de origen Biblioteca actual Ubicación en estantería Fecha de adquisición Total de préstamos Signatura topográfica completa Código de barras Visto por última vez Precio de reemplazo Tipo de ítem Koha
        Libros del s. XIX Biblioteca del Ateneo de Madrid Biblioteca del Ateneo de Madrid Mesetón 17/01/2008   C-19314-15 1158303 23/02/2023 23/02/2023 Libro impreso antiguo